书目信息 |
| 题名: |
对认知科学的认识
|
|
| 作者: | 渊一博 , 劳永光 编著 | |
| 分册: | ||
| 出版信息: | 北京 春秋出版社 1989.10 |
|
| 页数: | 140页 | |
| 开本: | 19cm | |
| 丛书名: | 智能开发译丛 | |
| 单 册: | ||
| 中图分类: | G4-51 | |
| 科图分类: | ||
| 主题词: | 认知心理学--研究 , 教育 | |
| 电子资源: | ||
| ISBN: | 7-5069-0179-X | |
| 000 | 00920nam2 2200277 45 | |
| 001 | 0190012895 | |
| 005 | 20061101112041.85 | |
| 010 | @a7-5069-0179-X@dCNY2.10 | |
| 100 | @a19921222d1989 ekmy0chiy0121 ea | |
| 101 | 1 | @achi@cjpn |
| 102 | @aCN@b110000 | |
| 105 | @ay z 000yy | |
| 200 | 10 | @a对认知科学的认识@ADUI REN ZHI KE XUE DE REN SHI@f(日)渊一博编著@F( RI ) YUAN YI BO BIAN ZHU@g劳永光译 |
| 210 | @a北京@c春秋出版社@d1989.10 | |
| 215 | @a140页@d19cm | |
| 225 | 2 | @a智能开发译丛@f廖一帆主编 |
| 330 | @a本书综合介绍了心理学、语言学和计算机科学三方面对人类的认知发展过程所进行的研究成果。 | |
| 410 | 0 | @120010@a智能开发译丛 |
| 540 | 1 | @a对 认知 科学 认识@ADUI REN ZHI KE XUE REN SHI |
| 606 | @a认知心理学@x研究 | |
| 606 | 0 | @a教育 |
| 690 | @aG4-51@v3 | |
| 701 | 0 | @a渊一博@AYUAN YI BO@4编著 |
| 701 | 0 | @a劳永光@ALAO YONG GUANG@4译 |
| 801 | 0 | @aCN@bTSSF@c20061101 |
| 905 | @a10447@dG4-51@e25:4 | |
| 对认知科学的认识/(日)渊一博编著/劳永光译.-北京:春秋出版社,1989.10 |
| 140页;19cm.-(智能开发译丛/廖一帆主编) |
| ISBN 7-5069-0179-X:CNY2.10 |
| 本书综合介绍了心理学、语言学和计算机科学三方面对人类的认知发展过程所进行的研究成果。 |
| ● |
| 相关链接 |
|
|
|
|
正题名:对认知科学的认识
索取号:G4-51/25:4
 
预约/预借
| 序号 | 登录号 | 条形码 | 馆藏地/架位号 | 状态 | 备注 |
| 1 | 0227619 | 002055698 | 第一样本阅览室/ [索取号:G4-51/25:4] | 在馆 |